| 000 | 01119nas a22002777a 4500 | ||
|---|---|---|---|
| 003 | OSt | ||
| 005 | 20151125110040.0 | ||
| 008 | 130704d19912009sp au||| |||| 00| 0 cat d | ||
| 022 | _a1131-5687 | ||
| 040 |
_cCDMR _bcat |
||
| 245 | 0 | 0 | _aTreballs de comunicació |
| 260 |
_aBarcelona _bInstitut d'Estudis Catalans: Societat Catalana de Comunicació _c1991-2009 |
||
| 300 | _a26 núm. | ||
| 310 | _aAnnual, amb irregularitats | ||
| 362 | _aNúm. 1 (oct. 1991) - núm. 26 (des. 2009) | ||
| 500 | _aContinuada per: Comunicació, revista de recerca i anàlisi | ||
| 650 | 0 | 4 |
_93127 _aTelevisió _zCatalunya _vRevistes |
| 650 | 0 | 4 |
_93172 _aPeriodisme _zCatalunya _vRevistes |
| 650 | 0 | 4 |
_93105 _aRadiodifusió _zCatalunya _vRevistes |
| 650 | 0 | 4 |
_94334 _aMitjans de comunicació de massa _xHistòria _zCatalunya |
| 710 | 2 |
_994 _aSocietat Catalana de Comunicació |
|
| 740 | 0 | _aComunicació: revista de recerca i anàlisi | |
| 856 | 4 | 0 |
_uhttp://revistes.iec.cat/index.php/TC/issue/archive _yDisponible en línia (IEC) |
| 856 | 4 | 0 |
_uhttp://dialnet.unirioja.es/servlet/revista?codigo=2105 _y(Dialnet, 2000-2006) |
| 942 |
_2udc _cSER |
||
| 999 |
_c6563 _d6563 |
||